000 00930nam a2200265 a 4500
001 40911
003 BD-RjUL
005 20211209053309.0
008 160402s1968 bg 000 1 beno
020 _c: Tk.6.00
035 _a(BD-RjUL)41027
035 _a(OCoLC)20154466
040 _aDLC
_cWaU
_dDLC
_dBD-RjUL
_bben
041 _aben
082 _223
_a891.443
_bWAK 1968
100 1 _aওয়ালীউল্লাহ, সৈয়দ
_d১৯২২-১৯৭১
_9120428
245 1 0 _aকাঁদো নদী কাঁদো /
_cসৈয়দ ওয়ালীউল্লাহ
250 _a১ম সং.
260 _aঢাকা :
_bআবদুল কাদির খান,
_c১৯৬৮
300 _a[৪], ২৬২ পৃ. ;
_c২২ সেমি.
650 _aবাংলা উপন্যাস
_9120429
650 _aBengali Fiction
_9120430
942 _2ddc
_cBK
_01
999 _c40911
_d40911